000 01413nam a2200265Ia 4500
999 _c54635
_d54635
001 21702
003 GE_BSU
005 20250729114217.0
008 181216s2017||||ge |||||||||||||| ||geo||
020 _a9789941248979
040 _cGE_BSU
041 _ageo
080 _a27-36 თ-54
245 _aႧვენი. [ტ.] 30, 21 ოქტომბერი - 31 ოქტომბერი (ახალი სტილით 3 ნოემბერი - 13 ნოემბერი) /
_cპროექტის ავტორი და რედაქტორი თამარ მამაცაშვილი ; შემდგენელი სოფიო თავაძე ; დიზაინერი რატი თორდია.
264 _aთბილისი :
_bპალიტრა L,
_c2017.
300 _a277 გვ. ;
_c22 სმ.
490 _aჟურნალ ”კარიბჭის” ბიბლიოთეკა
541 _h6 ლ.
653 _aთვენი. 21 ოქტომბერი -31 ოქტომბერი. 30.
653 _aრელიგია
653 _aგარეკანზე: წმინდა დიმიტრი თესალონიკელი
653 _aწმინდა მამათა ცხოვრება
653 _a წმინდანთა ცხოვრება
942 _cBK
_2udc